000 00798pam a22002654a 4500
005 20260322212038.0
008 data
010 _a 99021644
020 _a0553107941
020 _a9780553107944
040 _aDLC
_cDLC
_dDLC
042 _apcc
043 _an-us---
050 0 0 _aML420.M34125
_bA3 1999
082 0 0 _aB
_aB
_221
100 1 _aMcEntire, Reba.
245 1 0 _aComfort from a country quilt /
_cReba McEntire.
260 _aNew York :
_bBantam Books,
_c1999.
300 _ax, 181 p. ;
_c20 cm.
600 1 0 _aMcEntire, Reba.
650 0 _aCountry musicians
_zUnited States
_vBiography.
856 4 1 _3Sample text
_uhttp://www.loc.gov/catdir/samples/random043/99021644.html
856 4 2 _3Publisher description
_uhttp://www.loc.gov/catdir/description/random046/99021644.html
001 data
999 _c902
_d902